000 00984nas a2200337 4500
001 BR0401102
003 BR-BrBNA
005 20231205104359.0
007 ta
008 230509b bl.|||p| |||| 00| 00por d
040 _aBR-BrBNA
_bpor
_cBiblioteca Nacional de Agricultura
041 _a(Pt)
072 _aH60; F61
100 1 _aRonchi, C.P.
100 1 _aTerra, A.A.
100 1 _aSilva, A.A.
100 1 _aFerreira, L.R.
245 1 _aAcúmulo de nutrientes pelo cafeeiro sob interferência de plantas daninhas
650 _aCAFÉ
650 _aCOMPETIÇÃO DE VARIEDADE
650 _aABSORÇÃO DE NUTRIENTES
650 _aMACROELEMENTO
650 _aMICROELEMENTO
650 _aPARTE AÉREA
650 _aTRANSPLANTE DE PLANTA
650 _aERVA DANINHA
650 _aANÁLISE COMPARATIVA
773 0 _tPlanta Daninha (Brazil)
_xISSN 0100-8358
_g(2003), v. 21(2) p. 219-227
_wBR0401102
909 _a202311
_bLúcia
_c55
_dLúcia Elande
942 _2AGRIS
_n0
_cANA
999 _c177854
_d177854